| 000 | 00358nam a2200145Ia 4500 | ||
|---|---|---|---|
| 005 | 20251222144720.0 | ||
| 008 | 251222s9999||||xx |||||||||||||| ||spa|| | ||
| 020 | _a9788493430610 | ||
| 082 | _a616.891.8/V66/2008 | ||
| 100 | _aVilla Alcázar, Luis | ||
| 245 | 0 | _aMedimecum: | |
| 250 | _a13a. ed | ||
| 264 | _bAdis a Wolters Kluwer Business | ||
| 942 | _cLIB | ||
| 999 |
_c18181 _d18181 |
||